000 00454ntaaa2200181 4500
003 01
005 20251027203104.0
008 0714s1973 ag 01
040 _aAR-BaBN
_bspa
_cAR-BaBN
_eaacr
_dRIC
082 _a220.7000 M35
100 _aGeyer, J
_932268
245 _aWisdom of Salomon
250 _a1 ed.
260 _aLondon :
_bS.C.M.Press,
_cs/d
300 _as/d
650 _aBiblia-Antiguo Testamento-Sabiduria de Salomon
_932269
942 _cBK
999 _c26278
_d26278